Australian organic market report 2008.

Bibliographic Details
Format: Book
Published: New South Wales: Biological Farmers of Australia, 2008.
Subjects:
LEADER 00530cam a2200157 7i4500
001 0000024243
005 20100305090000.0
090 0 0 |a ASTL 631.5   |b AUS 
245 0 0 |a Australian organic market report 2008. 
260 0 0 |a New South Wales:   |b Biological Farmers of Australia,   |c 2008. 
300 # # |a 90 p. 
650 0 0 |a Food --   |x Markets --   |z Australia  
650 0 0 |a Natural foods --   |x Markets --   |z Australia  
650 0 0 |a Organic fod --   |x Markets --   |z Australia  
651 0 0 |a Australia  
999 |a 0000026365  |b Book  |c Countries  |e Business Information Centre